Neighborhoods of Boston Quiz Stats

 Plays Quiz not verified by Sporcle

Also try: Canadian Capitals
Challenge
Share
Tweet
Score 0/15 Timer 10:00
0 Plays Today
% Correct
East Boston
73.3%
West Roxbury
71.1%
Dorchester
71.1%
South Boston
71.1%
Roxbury
66.7%
Jamaica Plain
62.2%
Mattapan
62.2%
Charlestown
62.2%
% Correct
South End
57.8%
Hyde Park
44.4%
Roslindale
40%
Central Boston
26.7%
Allston|Brighton
22.2%
Fenway|Kenmore
17.8%
Back Bay|Beacon Hill
11.1%

You're not logged in!

Compare scores with friends on all Sporcle quizzes.
OR
Log In

You Might Also Like...

Show Comments

Extras

Created May 14, 2017ReportNominate
Tags:boston, neighborhood

Top Quizzes Today


Score Distribution

Your Account Isn't Verified!

In order to create a playlist on Sporcle, you need to verify the email address you used during registration. Go to your Sporcle Settings to finish the process.

Report this User

Report this user for behavior that violates our Community Guidelines.

Details: